| 000 | 00523nam a2200133Ia 4500 | ||
|---|---|---|---|
| 008 | 171212s9999 xx 000 0 und d | ||
| 020 | _a9780833023520 | ||
| 100 | _aMolander, Roger C.;Riddile, Andrew;Wilson, Peter A.;Williamson, Stephanie | ||
| 245 |
_cMolander, Roger C.;Riddile, Andrew;Wilson, Peter A.;Williamson, Stephanie _aStrategic Information Warfare _bA New Face of War |
||
| 260 |
_bRAND Corporation _c1996 |
||
| 650 | _aHistory | ||
| 650 | _aInformation warfare | ||
| 856 | _uwww.jstor.org/stable/10.7249/mr661osd | ||
| 999 |
_c352570 _d352570 |
||